000 00532nam a22001937a 4500
003 BD-ChCU
005 20260429100232.0
008 260429b sw||||| |||| 00| 0 eng d
020 _a9783319783512
040 _cBD-ChCU
082 _223
_a551.46 C787c
100 _aCorredor, Jorge E.
_922050
245 _aCoastal ocean observing :
_bplatforms sensors and system/
_cJorge E Corredor.
260 _aCham:
_bSpringer,
_c2018
300 _a159 P. :
504 _aIncludes.
650 0 _aOceanography.
_922053
942 _2ddc
_cBK
_n0
999 _c112504
_d112504